000
00418nam a2200133Ia 4500
008
100328s9999 xx 000 0 und d
082
_b
60235
100
_a
गुप्ते गीता.
245
_a
मुक्काम शांघाय.
260
_b
गं्रथाली.
630
_a
मुक्काम शांघाय.
730
_a
मुक्काम शांघाय.
942
_c
BOOK
999
_c
546397
_d
546394